000 00656nam a2200241Ia 4500
003 OSt
005 20220918202504.0
006 a|||||r|||| 00| 0
007 ta
008 220917b |||||||| |||| 00| 0 eng d
024 _a101,623
037 _cTextual
040 _aARTS
_cARTS
_beng
041 _2eng
_aeng
082 _aV236y7N00, N6
100 _aTalbot Ian
_914345
245 0 _aKhizr Tiwana, the Punjab unioniscarty and the partition of India
260 _aSurrey
_bCurzon Press
_c1996
300 _axiii,193p.
_ccm.
650 _aHISTORY
942 _hV236y7N00, N6
_cTEXL
_2CC
999 _c225099
_d225099